| 000 | 00350nam a22001217a 4500 | ||
|---|---|---|---|
| 020 | _a8177224050 | ||
| 082 |
_222 _a005.756521 |
||
| 100 | _aAndersen, Virginia. | ||
| 245 | _aHow to do everything with microsoft office access 2003 / | ||
| 260 |
_aNew Delhi, _bJohn and Wiley and Sons, _cc2003. |
||
| 300 |
_axix, 533 p. ; _bill. ; _c22 cm. |
||
| 942 |
_2ddc _cIT |
||
| 999 |
_c525 _d525 |
||